| 000 | 00738nam a2200265 a 4500 | ||
|---|---|---|---|
| 999 |
_c9908 _d9908 |
||
| 001 | 8827209 | ||
| 003 | OCoLC | ||
| 005 | 20210205120027.0 | ||
| 008 | 820909s1982 gau b 000 0 eng | ||
| 010 | _a82-17999 | ||
| 020 | _a0804200300 (pbk.) : | ||
| 035 | _a3181897 | ||
| 040 |
_aDLC _cDLC _dOSU |
||
| 050 |
_aBS476 _b.H35 1982 |
||
| 050 | 0 | 0 |
_aBS476 _bH417B |
| 082 | _bH417B | ||
| 100 | 1 |
_aHayes, John H. _q(John Haralson), _d1934- |
|
| 245 | 1 | 0 |
_aBiblical exegesis : _ba beginner's handbook / _cJohn H. Hayes, Carl R. Holladay |
| 260 |
_aAtlanta : _bJohn Knox Press, _cc1982 |
||
| 300 |
_a132 p. ; _c22 cm |
||
| 504 | _aIncludes bibliographies | ||
| 630 | 0 | 0 |
_aBible _xHermeneutics |
| 700 | 1 | 0 | _aHolladay, Carl R |
| 942 |
_2ddc _cBK |
||